[Event "27. Staufer-Open (A)"]
[Site "?"]
[Date "2015.01.04"]
[Round "5"]
[White "Smirnov, Artem"]
[Black "Miezis, Normunds"]
[Result "0-1"]
[WhiteElo "2446"]
[BlackElo "2499"]
[PlyCount "84"]
[EventDate "2015.??.??"]

1. d4 Nf6 2. c4 e6 3. Nc3 Bb4 4. e3 c5 5. Nge2 cxd4 6. exd4 O-O 7. a3 Be7 8.
Nf4 d5 9. cxd5 Nxd5 10. Ncxd5 exd5 11. Bd3 Bf6 12. O-O Nc6 13. Be3 g6 14. Rc1
Bg7 15. Rc5 Be6 16. Nxe6 fxe6 17. Bb5 Ne7 18. g4 Rc8 19. Qc2 a6 20. Rxc8 Nxc8
21. Bd3 Ne7 22. Rd1 Nc6 23. Bf1 Qd7 24. Bg2 Rc8 25. Qe2 Na7 26. g5 Nb5 27. Qg4
Rd8 28. Bh3 Re8 29. Rc1 Qf7 30. a4 Nd6 31. Qf4 Qe7 32. Qf3 Bxd4 33. Bxe6+ Qxe6
34. Bxd4 Nf5 35. Be3 d4 36. Bd2 Nh4 37. Qg3 Qe4 38. Ba5 d3 39. h3 Nf3+ 40. Kf1
d2 41. Ra1 Qe2+ 42. Kg2 Ne1+ 0-1

[Event "27. Staufer-Open (A)"]
[Site "?"]
[Date "2015.01.04"]
[Round "5"]
[White "Buhmann, Rainer"]
[Black "Carlstedt, Jonathan"]
[Result "1-0"]
[WhiteElo "2590"]
[BlackElo "2437"]
[PlyCount "131"]
[EventDate "2015.??.??"]
[WhiteTeam "SV Hockenheim"]
[BlackTeam "Hamburger SK"]

1. d4 Nf6 2. c4 e6 3. Nf3 Bb4+ 4. Nbd2 O-O 5. a3 Be7 6. e4 d5 7. e5 Ne4 8. Bd3
Nxd2 9. Bxd2 dxc4 10. Bxc4 Nd7 11. Qc2 c5 12. dxc5 Qc7 13. O-O Nxe5 14. Nxe5
Qxe5 15. b4 Bf6 16. Rad1 Bd7 17. Be3 Rfd8 18. Bd3 h6 19. Bh7+ Kh8 20. Be4 Qc7
21. a4 a6 22. c6 bxc6 23. b5 axb5 24. axb5 Ra3 25. b6 Qb7 26. Rd3 Rxd3 27. Qxd3
Qb8 28. Rb1 Bc8 29. Qa3 Bb7 30. g3 Qe5 31. Qa4 Ra8 32. Qc2 Qc3 33. Qxc3 Bxc3
34. Kg2 Rd8 35. Rc1 Bb2 36. Rc2 Bd4 37. Kf3 e5 38. g4 Kg8 39. Ra2 Bxe3 40. Kxe3
Kf8 41. Ra7 Rb8 42. Kd3 Bc8 43. Kc4 Rxb6 44. Ra8 Rb2 45. Rxc8+ Ke7 46. Rc7+ Kf6
47. f3 Rxh2 48. Rxc6+ Kg5 49. Rc7 Kf6 50. Kd3 Ke6 51. Bf5+ Kf6 52. Be4 Ke6 53.
Rc6+ Kd7 54. Ra6 h5 55. g5 h4 56. g6 fxg6 57. Rxg6 h3 58. Rxg7+ Ke6 59. Rg6+
Kf7 60. Rh6 Kg7 61. Rh5 Kf6 62. Ke3 Rh1 63. Kf2 h2 64. Kg2 Rg1+ 65. Kxh2 Rg8
66. Rh4 1-0

[Event "27. Staufer-Open (A)"]
[Site "?"]
[Date "2015.01.04"]
[Round "5"]
[White "Bergauz, Noam"]
[Black "Poetsch, Hagen"]
[Result "0-1"]
[WhiteElo "2264"]
[BlackElo "2500"]
[PlyCount "80"]
[EventDate "2015.??.??"]
[WhiteTeam "SK München Südost"]
[BlackTeam "SF Schöneck"]

1. e4 e6 2. d4 d5 3. Nd2 c5 4. Ngf3 cxd4 5. Nxd4 Nc6 6. Bb5 Bd7 7. Nxc6 bxc6 8.
Bd3 Bd6 9. Nf3 Qb8 10. Qe2 Ne7 11. e5 Bc7 12. O-O Ng6 13. Re1 f6 14. exf6 gxf6
15. Bf5 Kd8 16. Bh3 Bf4 17. g3 Bxc1 18. Raxc1 e5 19. Bxd7 Kxd7 20. c4 Qb7 21.
Qd3 Ke7 22. Nd4 Kf7 23. Nf5 Rhd8 24. c5 Qd7 25. Qf3 Rab8 26. h4 e4 27. Qg4 Kf8
28. Re2 Re8 29. h5 Ne5 30. Qf4 Kg8 31. Rd1 Nd3 32. Nh6+ Kg7 33. Qf5 Nxc5 34.
Rc2 Re5 35. Qxd7+ Nxd7 36. Ng4 Re6 37. Ne3 Ne5 38. Nf5+ Kf7 39. Kg2 Rb6 40. Rd4
Nd3 0-1

[Event "27. Staufer-Open (A)"]
[Site "?"]
[Date "2015.01.04"]
[Round "5"]
[White "Noe, Christopher"]
[Black "Dgebuadze, Alexandre"]
[Result "1/2-1/2"]
[WhiteElo "2374"]
[BlackElo "2476"]
[PlyCount "60"]
[EventDate "2015.??.??"]
[WhiteTeam "SC Eppingen"]

1. e4 e6 2. d4 d5 3. Nc3 Bb4 4. e5 Ne7 5. a3 Bxc3+ 6. bxc3 c5 7. Qg4 O-O 8. Bd3
Nbc6 9. Qh5 Ng6 10. Nf3 Qc7 11. Ng5 h6 12. Nxf7 Qxf7 13. Qxg6 Qxg6 14. Bxg6
cxd4 15. cxd4 Nxd4 16. Be3 Nc6 17. f4 b6 18. Bd3 Bd7 19. O-O Rac8 20. g4 Be8
21. Rae1 h5 22. h3 hxg4 23. hxg4 g6 24. Rf2 Rc7 25. Bd2 Rh7 26. f5 Rh4 27. f6
Rxg4+ 28. Rg2 Rxg2+ 29. Kxg2 Kf7 30. Rh1 Nxe5 1/2-1/2

[Event "27. Staufer-Open (A)"]
[Site "?"]
[Date "2015.01.04"]
[Round "5"]
[White "Starostits, Ilmars"]
[Black "Kourousis, Epaminondas"]
[Result "1/2-1/2"]
[WhiteElo "2441"]
[BlackElo "2412"]
[PlyCount "36"]
[EventDate "2015.??.??"]
[WhiteTeam "SG Speyer-Schwegenheim"]

1. d4 Nf6 2. c4 e6 3. Nf3 b6 4. Nc3 Bb7 5. g3 Be7 6. Bg2 Ne4 7. O-O Nxc3 8.
bxc3 O-O 9. Qc2 Nc6 10. Ne5 Na5 11. Bxb7 Nxb7 12. Qa4 d6 13. Nd3 Na5 14. c5 Qe8
15. Qc2 dxc5 16. dxc5 Nb7 17. cxb6 axb6 18. Bf4 Bd6 1/2-1/2

[Event "27. Staufer-Open (A)"]
[Site "?"]
[Date "2015.01.04"]
[Round "5"]
[White "Lampert, Jonas"]
[Black "Schröder, Jan-Christian"]
[Result "1/2-1/2"]
[WhiteElo "2441"]
[BlackElo "2405"]
[PlyCount "40"]
[EventDate "2015.??.??"]
[WhiteTeam "Hamburger SK"]
[BlackTeam "SV Hofheim"]

1. d4 d5 2. c4 e6 3. Nc3 Nf6 4. cxd5 exd5 5. Bg5 c6 6. e3 Bf5 7. Qf3 Bg6 8.
Bxf6 Qxf6 9. Qxf6 gxf6 10. h4 Nd7 11. Kd2 Bd6 12. Bd3 Rg8 13. g3 Bxd3 14. Kxd3
f5 15. Nge2 Nf6 16. Rhg1 Kd7 17. f3 Rg7 18. Rg2 Rag8 19. Rag1 h6 20. Nd1 b6
1/2-1/2

[Event "27. Staufer-Open (A)"]
[Site "?"]
[Date "2015.01.04"]
[Round "5"]
[White "Burmakin, Vladimir"]
[Black "Kahrovic, Mersid"]
[Result "1-0"]
[WhiteElo "2578"]
[BlackElo "2301"]
[PlyCount "59"]
[EventDate "2015.??.??"]
[BlackTeam "SG Schwäbisch Gmünd"]

1. Nf3 Nf6 2. g3 b6 3. Bg2 Bb7 4. c4 e5 5. O-O d6 6. Nc3 Nbd7 7. e3 Be7 8. d4
O-O 9. Qc2 exd4 10. exd4 Re8 11. d5 Nf8 12. Nd4 Ng6 13. b3 Bf8 14. Bb2 Ne5 15.
h3 g6 16. f4 Ned7 17. Nc6 Qc8 18. Rae1 Bxc6 19. dxc6 Nc5 20. b4 Na6 21. Nd5
Nxd5 22. cxd5 Bg7 23. Bxg7 Kxg7 24. Qc3+ Kg8 25. Rxe8+ Qxe8 26. Re1 Qb8 27. Qa3
Qc8 28. Bf1 Nb8 29. Qe3 Na6 30. a3 1-0

[Event "27. Staufer-Open (A)"]
[Site "?"]
[Date "2015.01.04"]
[Round "5"]
[White "Heberla, Bartlomiej"]
[Black "Harff, Marcel"]
[Result "1-0"]
[WhiteElo "2562"]
[BlackElo "2299"]
[PlyCount "95"]
[EventDate "2015.??.??"]
[WhiteTeam "SC Hansa Dortmund"]
[BlackTeam "SG Hochneukirch"]

1. e4 e6 2. d4 d5 3. Bd3 dxe4 4. Bxe4 c5 5. Ne2 Nf6 6. Bf3 Nc6 7. Be3 cxd4 8.
Nxd4 Ne5 9. Nc3 a6 10. O-O Be7 11. Qe2 Nxf3+ 12. Qxf3 O-O 13. Rfe1 Qa5 14. Bf4
Qh5 15. Qg3 Qg6 16. Qf3 Qh5 17. Qg3 Qg6 18. Na4 Nd5 19. c4 Nxf4 20. Qxf4 Bg5
21. Qg3 Bd8 22. c5 a5 23. Qb3 Bf6 24. Nb6 a4 25. Qb4 Ra6 26. Rad1 a3 27. bxa3
e5 28. Nxc8 Rxc8 29. Qxb7 Raa8 30. Nb3 h5 31. a4 Qf5 32. Qe4 Qe6 33. a5 Ra6 34.
Rd5 g6 35. Red1 Rcc6 36. Rd7 Be7 37. Qd5 Rc8 38. Qxe6 Rxe6 39. R1d5 Kf8 40. Rb7
e4 41. Rb6 e3 42. Rxe6 fxe6 43. Re5 exf2+ 44. Kxf2 Kf7 45. Kf3 Kf6 46. Re4 Rc6
47. Ra4 Ra6 48. Ke4 1-0

[Event "27. Staufer-Open (A)"]
[Site "?"]
[Date "2015.01.04"]
[Round "5"]
[White "Kuzmicz, Krystian"]
[Black "Wiley, Tom E"]
[Result "1-0"]
[WhiteElo "2469"]
[BlackElo "2227"]
[PlyCount "101"]
[EventDate "2015.??.??"]

1. Nf3 c5 2. e4 e6 3. g3 a6 4. Bg2 b5 5. O-O Bb7 6. Qe2 Nc6 7. d3 g6 8. c3 Bg7
9. Be3 d6 10. d4 cxd4 11. cxd4 Nge7 12. Rd1 d5 13. e5 b4 14. Nbd2 a5 15. Nb3
Ba6 16. Qd2 O-O 17. Rac1 Bb5 18. Nc5 Ra7 19. Bg5 Qb6 20. Rc2 Nb8 21. Bf6 Nec6
22. Rdc1 Na6 23. Bxg7 Kxg7 24. Qf4 Qd8 25. h4 h5 26. Ng5 Qe7 27. f3 Ncb8 28.
Bh3 Nxc5 29. Rxc5 Rb7 30. g4 Rh8 31. Rc8 Be8 32. gxh5 Rxh5 33. Qg3 Na6 34. Bg4
Rh6 35. f4 Rc7 36. R8xc7 Nxc7 37. h5 Nb5 38. hxg6 Rxg6 39. Qe3 Kg8 40. Kf2 Qa7
41. Rc8 Kf8 42. Rc5 Bd7 43. Be2 Qb6 44. Bxb5 Bxb5 45. Qh3 Be8 46. Qh8+ Ke7 47.
Nh7 Qa6 48. Qf8+ Kd8 49. Nf6 Rg2+ 50. Kxg2 Qe2+ 51. Kg3 1-0

[Event "27. Staufer-Open (A)"]
[Site "?"]
[Date "2015.01.04"]
[Round "5"]
[White "Stark, Lars"]
[Black "Latzke, Boris Alexander"]
[Result "1/2-1/2"]
[WhiteElo "2454"]
[BlackElo "2220"]
[PlyCount "88"]
[EventDate "2015.??.??"]
[WhiteTeam "Düsseldorfer SK"]
[BlackTeam "SK Bebenhausen"]

1. c4 e5 2. g3 Nc6 3. Bg2 g6 4. Nc3 Bg7 5. e3 d6 6. Nge2 f5 7. d4 e4 8. f3 exf3
9. Bxf3 Nf6 10. O-O O-O 11. Nf4 Kh8 12. Bg2 Bd7 13. Qd3 Rb8 14. Bd2 Ne7 15. h3
c6 16. Qe2 Qc7 17. Rac1 Rbe8 18. Qd3 Bc8 19. Kh2 Neg8 20. b4 Nh6 21. b5 Nf7 22.
Qc2 Ng5 23. Qa4 Bd7 24. Qa3 Nfe4 25. Nxe4 Nxe4 26. Bxe4 Rxe4 27. bxc6 bxc6 28.
Bb4 Rf6 29. Rb1 Bc8 30. Bd2 Qd7 31. Rb8 Re8 32. d5 Qc7 33. Qb3 Rff8 34. Rb1 Be5
35. Nd3 Bg7 36. Nf4 Be5 37. h4 Qe7 38. dxc6 Bxf4 39. gxf4 Qxh4+ 40. Kg2 Qg4+
41. Kf2 Qh4+ 42. Kg2 Qg4+ 43. Kf2 Qh4+ 44. Kg2 Qg4+ 1/2-1/2

[Event "27. Staufer-Open (A)"]
[Site "?"]
[Date "2015.01.04"]
[Round "5"]
[White "Jurek, Josef"]
[Black "Meskovs, Nikita"]
[Result "1/2-1/2"]
[WhiteElo "2291"]
[BlackElo "2452"]
[PlyCount "162"]
[EventDate "2015.??.??"]
[WhiteTeam "SG Schwäbisch Gmünd"]
[BlackTeam "SG Speyer-Schwegenheim"]

1. Nf3 d5 2. d4 Nf6 3. c4 g6 4. cxd5 Nxd5 5. e4 Nb6 6. h3 Bg7 7. Nc3 O-O 8. Be2
Nc6 9. d5 Na5 10. Be3 Nac4 11. Bd4 e5 12. Bc5 Nd6 13. O-O a6 14. a4 f5 15. Nd2
Nd7 16. Ba3 Nf6 17. Qc2 f4 18. Rac1 Nfe8 19. b3 Bf6 20. Na2 Qe7 21. Qd1 h5 22.
Nb4 Rf7 23. Nd3 Rh7 24. Nc4 Bh8 25. Bf3 Qg5 26. Kh1 Nf7 27. Bb2 b5 28. Na5 Bg4
29. Nc6 Ned6 30. Re1 Re8 31. Nc5 Qh4 32. Ne6 Rxe6 33. dxe6 Bxe6 34. Rc5 Qxf2
35. Ne7+ Kg7 36. Rc2 Qb6 37. Nd5 Bxd5 38. Qxd5 Kh6 39. Rec1 bxa4 40. bxa4 Qb4
41. a5 Nb5 42. Ba1 Qxa5 43. Rxc7 Qxc7 44. Rxc7 Nxc7 45. Qa5 Nb5 46. Qxa6 Nd4
47. Qc8 Nxf3 48. gxf3 Bf6 49. Qf8+ Rg7 50. Bc3 h4 51. Bb4 Kh7 52. Kg2 Bg5 53.
Qe8 Bf6 54. Bf8 Nd8 55. Bxg7 Kxg7 56. Kf2 Nf7 57. Ke2 Ng5 58. Qd7+ Kg8 59. Qg4
Kg7 60. Kd3 Nh7 61. Kc4 Nf8 62. Kd5 Kf7 63. Kd6 Kg7 64. Qc8 Kf7 65. Qa8 Kg7 66.
Qd5 Nh7 67. Qb7+ Kh6 68. Ke6 Bh8 69. Kf7 Bg7 70. Qe7 Bf6 71. Qe8 Bg7 72. Qe7
Bf6 73. Qe6 Kh5 74. Kg8 Kh6 75. Qd7 Ng5 76. Qc6 Bg7 77. Qd7 Bf6 78. Qg4 Nh7 79.
Qc8 Bg7 80. Qc7 Nf6+ 81. Kf7 Nh7 1/2-1/2

[Event "27. Staufer-Open (A)"]
[Site "?"]
[Date "2015.01.04"]
[Round "5"]
[White "Krassowizkij, Jaroslaw"]
[Black "Mager, Denis"]
[Result "1-0"]
[WhiteElo "2423"]
[BlackElo "2179"]
[PlyCount "147"]
[EventDate "2015.??.??"]
[WhiteTeam "SV Jedesheim"]
[BlackTeam "TuS Makkabi"]

1. d4 d5 2. c4 c6 3. Nf3 Nf6 4. Nc3 dxc4 5. a4 e6 6. e3 c5 7. Bxc4 Nc6 8. O-O
cxd4 9. exd4 Be7 10. Bg5 O-O 11. Qd2 h6 12. Bf4 Nb4 13. Ne5 Nfd5 14. Bg3 h5 15.
f4 b6 16. Rae1 h4 17. Bf2 Bb7 18. Ne4 Rc8 19. Ng5 h3 20. Bh4 f6 21. Nxe6 Qd6
22. Nxf8 Bxf8 23. Bb3 fxe5 24. fxe5 Qg6 25. Rf3 Qxg2+ 26. Qxg2 hxg2 27. Kxg2
Kh7 28. Rf7 Be7 29. Bxe7 Nxe7+ 30. Kh3 Bd5 31. Bxd5 Nbxd5 32. Rg1 Rg8 33. Kg3
Kh6 34. Kf3 g6 35. Ke4 Rc8 36. e6 Rc6 37. Ke5 a5 38. h4 Rc2 39. h5 g5 40. Rgf1
Rc6 41. Rf8 Nf4 42. R1xf4 gxf4 43. Re8 Nc8 44. e7 Nxe7 45. Rxe7 Kxh5 46. Rf7
Rc2 47. Rxf4 Re2+ 48. Re4 Rxb2 49. d5 Kg6 50. d6 Kf7 51. Kd5 b5 52. Rf4+ Ke8
53. axb5 Kd7 54. Rf7+ Kd8 55. Kc6 Rc2+ 56. Kb6 a4 57. Rf3 Rd2 58. Kc6 Rc2+ 59.
Kb7 Kd7 60. Ra3 Rb2 61. b6 Rb3 62. Rxa4 Kxd6 63. Rc4 Rb1 64. Ka7 Kd7 65. b7
Ra1+ 66. Kb8 Rb1 67. Rc2 Rb3 68. Rd2+ Ke7 69. Rd4 Rb1 70. Kc7 Rc1+ 71. Kb6 Rb1+
72. Kc6 Ke6 73. Rc4 Ke7 74. Kc7 1-0

[Event "27. Staufer-Open (A)"]
[Site "?"]
[Date "2015.01.04"]
[Round "5"]
[White "Savina, Anastasia"]
[Black "Meier, Thomas"]
[Result "1-0"]
[WhiteElo "2402"]
[BlackElo "2212"]
[PlyCount "61"]
[EventDate "2015.??.??"]
[WhiteTeam "SC Bad Königshofen"]
[BlackTeam "SC Erdmannhausen"]

1. d4 d5 2. c4 e6 3. Nc3 Be7 4. cxd5 exd5 5. Bf4 Nf6 6. e3 O-O 7. Bd3 c5 8. h3
Nc6 9. Nf3 Be6 10. O-O Rc8 11. Rc1 cxd4 12. exd4 h6 13. Bb1 Bd6 14. Ne5 Ne7 15.
g4 Bb8 16. Qd3 a6 17. Rfe1 b5 18. a3 Re8 19. Bg3 Kf8 20. Bh4 Nfg8 21. Ng6+ fxg6
22. Rxe6 g5 23. Bg3 Bxg3 24. fxg3 Rc6 25. Rf1+ Nf6 26. Re5 Rd6 27. Ba2 Kg8 28.
Ne4 Nxe4 29. Qxe4 Re6 30. Bxd5 Qxd5 31. Rxe6 1-0

[Event "27. Staufer-Open (A)"]
[Site "?"]
[Date "2015.01.04"]
[Round "5"]
[White "Müller, Ralf"]
[Black "Weißbeck, Simon"]
[Result "1-0"]
[WhiteElo "2389"]
[BlackElo "2039"]
[PlyCount "67"]
[EventDate "2015.??.??"]
[WhiteTeam "SC Erdmannhausen"]
[BlackTeam "Heilbronner SV"]

1. d4 Nf6 2. Nf3 g6 3. c4 Bg7 4. Nc3 O-O 5. e4 d6 6. Be2 e5 7. Be3 Nc6 8. d5
Ne7 9. Nd2 Nd7 10. b4 f5 11. f3 a5 12. bxa5 f4 13. Bf2 g5 14. Nb3 Ng6 15. c5
Nh4 16. O-O Nxc5 17. Nxc5 dxc5 18. Na4 Rxa5 19. Nxc5 g4 20. fxg4 Qg5 21. Ne6
Bxe6 22. dxe6 Ra3 23. Bxh4 Qxh4 24. Rf3 Qe7 25. Rxa3 Qxa3 26. Qb3 Qc5+ 27. Kh1
Re8 28. Rd1 Bf6 29. Qxb7 Be7 30. Qb5 Qxb5 31. Bxb5 Rb8 32. a4 Bd6 33. Rxd6 cxd6
34. e7 1-0

[Event "27. Staufer-Open (A)"]
[Site "?"]
[Date "2015.01.04"]
[Round "5"]
[White "Müller, Reinhold"]
[Black "Schlecht, Daniel"]
[Result "1/2-1/2"]
[WhiteElo "2244"]
[BlackElo "2366"]
[PlyCount "109"]
[EventDate "2015.??.??"]
[WhiteTeam "SC Schwarzenbach"]
[BlackTeam "SG Solingen"]

1. d4 d5 2. c4 c6 3. Nf3 Nf6 4. Nc3 e6 5. e3 Nbd7 6. Bd3 dxc4 7. Bxc4 b5 8. Bd3
Bb7 9. O-O a6 10. Qe2 c5 11. Rd1 Qb8 12. e4 cxd4 13. Nxd4 Bd6 14. Nf3 O-O 15.
a3 Rc8 16. Bg5 Ng4 17. h3 Nge5 18. Nxe5 Nxe5 19. Bh4 Ng6 20. Bg5 Be5 21. Rac1
h6 22. Be3 Rc6 23. Bb1 Qc7 24. Na2 Rc8 25. Rxc6 Qxc6 26. Qd2 Qc7 27. Rc1 Qd6
28. Rxc8+ Bxc8 29. Qxd6 Bxd6 30. Bd4 Be5 31. Bxe5 Nxe5 32. b3 g5 33. Kf1 Kf8
34. Ke2 Ke7 35. Ke3 Kd6 36. Nb4 a5 37. Nd3 Nxd3 38. Bxd3 Kc5 39. g3 e5 40. h4
f6 41. Be2 Be6 42. Bd1 b4 43. a4 gxh4 44. gxh4 Kd6 45. Bc2 Ke7 46. Bd1 Kf7 47.
f4 Ke7 48. fxe5 fxe5 49. Kd3 Kd6 50. Ke3 Kc5 51. Kd3 Bh3 52. Be2 Be6 53. Bd1
Bh3 54. Be2 Be6 55. Bd1 1/2-1/2

[Event "27. Staufer-Open (A)"]
[Site "?"]
[Date "2015.01.04"]
[Round "5"]
[White "Yankelevich, Lev"]
[Black "Walter, Andreas"]
[Result "1/2-1/2"]
[WhiteElo "2362"]
[BlackElo "2060"]
[PlyCount "82"]
[EventDate "2015.??.??"]
[WhiteTeam "SG Trier"]
[BlackTeam "SV Dinslaken"]

1. e4 c5 2. Nf3 e6 3. d4 cxd4 4. Nxd4 Nf6 5. Nc3 d6 6. Be2 Be7 7. O-O a6 8. f4
Nc6 9. Kh1 Bd7 10. Be3 O-O 11. Qe1 Nxd4 12. Bxd4 Bc6 13. Qg3 g6 14. Bf3 Qc7 15.
Rad1 Nd7 16. Rfe1 b5 17. Nd5 Bxd5 18. exd5 e5 19. fxe5 dxe5 20. d6 Bxd6 21.
Bxa8 exd4 22. Qf3 Be5 23. Bd5 Kg7 24. Bb3 f6 25. Qh3 Nc5 26. Bd5 Rd8 27. Bf3
Na4 28. Rb1 Qxc2 29. Rbc1 Qf5 30. Bg4 Qg5 31. Be2 Qh6 32. Qxh6+ Kxh6 33. b3 Nc3
34. Bd3 Nxa2 35. Ra1 Nb4 36. Red1 Rc8 37. Bf1 Rc3 38. Rab1 Kg5 39. Kg1 Kf4 40.
g3+ Kf5 41. Bh3+ Kg5 1/2-1/2

[Event "27. Staufer-Open (A)"]
[Site "?"]
[Date "2015.01.04"]
[Round "5"]
[White "Hahn, Markus"]
[Black "Tuncer, Ufuk"]
[Result "0-1"]
[WhiteElo "2223"]
[BlackElo "2318"]
[PlyCount "72"]
[EventDate "2015.??.??"]
[WhiteTeam "Kasseler SK"]
[BlackTeam "SC Hansa Dortmund"]

1. d4 Nf6 2. c4 g6 3. Nc3 Bg7 4. e4 d6 5. h3 O-O 6. Nf3 e5 7. d5 a5 8. Bg5 Na6
9. Be2 h6 10. Be3 Nh5 11. Nd2 Nf4 12. Bf1 Nb4 13. Nb3 a4 14. a3 Nbd3+ 15. Bxd3
Nxg2+ 16. Kd2 axb3 17. Qxb3 Nxe3 18. fxe3 c5 19. Rag1 Bd7 20. Qd1 Qa5 21. h4
Rab8 22. Kc1 b5 23. cxb5 c4 24. Bf1 Bxb5 25. h5 g5 26. Bh3 Qa7 27. Qf3 Bd7 28.
Bxd7 Qxd7 29. Rh2 f5 30. exf5 e4 31. Qxe4 Rfe8 32. Qg4 Bxc3 33. bxc3 Qa7 34.
Qd4 Qxa3+ 35. Kd1 Qa1+ 36. Ke2 Qxg1 0-1

[Event "27. Staufer-Open (A)"]
[Site "?"]
[Date "2015.01.04"]
[Round "5"]
[White "Namyslo, Holger"]
[Black "Gheng, Josef"]
[Result "1/2-1/2"]
[WhiteElo "2218"]
[BlackElo "2315"]
[PlyCount "71"]
[EventDate "2015.??.??"]
[WhiteTeam "TG Biberach"]
[BlackTeam "SC Erdmannhausen"]

1. e4 c5 2. Nf3 Nc6 3. d4 cxd4 4. Nxd4 Nf6 5. Nc3 e5 6. Ndb5 d6 7. Bg5 a6 8.
Na3 b5 9. Bxf6 gxf6 10. Nd5 Rb8 11. c3 Be6 12. Nc2 f5 13. exf5 Bxf5 14. Nce3
Bg6 15. h4 h5 16. Qf3 Bg7 17. Nf5 Bxf5 18. Qxf5 Ne7 19. Nf6+ Bxf6 20. Qxf6 Ng6
21. Qf3 Ke7 22. g3 Rb6 23. Rd1 Nf8 24. Be2 Nd7 25. O-O Nf6 26. Rfe1 Qc7 27. Bf1
Rbb8 28. Bh3 Rhg8 29. Qf5 Rg6 30. Re3 Kf8 31. Bg2 Re8 32. Bf3 Rh6 33. Qg5 Rg6
34. Qf5 Rh6 35. Qg5 Rg6 36. Qf5 1/2-1/2

[Event "27. Staufer-Open (A)"]
[Site "?"]
[Date "2015.01.04"]
[Round "5"]
[White "Bergauz, Avigdor"]
[Black "Kersten, Uwe"]
[Result "1/2-1/2"]
[WhiteElo "2146"]
[BlackElo "2311"]
[PlyCount "54"]
[EventDate "2015.??.??"]
[WhiteTeam "SK München Südost"]
[BlackTeam "Kasseler SK"]

1. c4 c5 2. Nc3 Nf6 3. g3 e6 4. Nf3 b6 5. Bg2 Bb7 6. O-O d6 7. b3 Nbd7 8. Bb2
Be7 9. e3 O-O 10. Qe2 Ne4 11. Nxe4 Bxe4 12. Rfd1 Qc7 13. d3 Bb7 14. Rac1 Rac8
15. d4 Nf6 16. a3 Qb8 17. b4 Rfd8 18. dxc5 dxc5 19. b5 Qa8 20. a4 a5 21. Ne1
Bxg2 22. Nxg2 Rxd1+ 23. Rxd1 Rd8 24. Ne1 Ne8 25. f3 Bf6 26. Bxf6 gxf6 27. Ng2
f5 1/2-1/2

[Event "27. Staufer-Open (A)"]
[Site "?"]
[Date "2015.01.04"]
[Round "5"]
[White "Schackmann, Oliver"]
[Black "Teske, Henrik"]
[Result "0-1"]
[WhiteElo "2083"]
[BlackElo "2500"]
[PlyCount "92"]
[EventDate "2015.??.??"]
[WhiteTeam "SC Vaterstetten"]
[BlackTeam "SV Rüdersdorf"]

1. e4 e6 2. d4 d5 3. Nc3 Bb4 4. exd5 exd5 5. Bd3 Ne7 6. Qf3 c5 7. dxc5 Nbc6 8.
a3 Bxc5 9. Bf4 Nd4 10. Qd1 O-O 11. b4 Bb6 12. Nge2 Ng6 13. O-O Bg4 14. Qd2 Rc8
15. Rae1 Nxf4 16. Nxf4 Qg5 17. h4 Qxh4 18. Be2 Rc6 19. g3 Bxe2 20. gxh4 Nf3+
21. Kg2 Nxd2 22. Rxe2 Nxf1 23. Ncxd5 Bd8 24. h5 Ra6 25. Kxf1 Rxa3 26. Nd3 b5
27. Nc5 Ra1+ 28. Kg2 Rd1 29. Nd3 a5 30. Nc3 Ra1 31. Nxb5 axb4 32. Nxb4 Rb1 33.
c3 Ba5 34. Nd4 Bxb4 35. cxb4 Rxb4 36. Nf5 Rg4+ 37. Kf3 Rg5 38. Ng3 Ra8 39. Re3
Kf8 40. Rb3 Rga5 41. Rb7 h6 42. Rc7 Rb5 43. Rd7 Rg5 44. Rb7 Ra3+ 45. Kg2 Raxg3+
46. fxg3 Rxh5 0-1

[Event "27. Staufer-Open (A)"]
[Site "?"]
[Date "2015.01.04"]
[Round "5"]
[White "Podzielny, Karl-Heinz"]
[Black "Bluhm, Sonja Maria"]
[Result "1-0"]
[WhiteElo "2469"]
[BlackElo "2093"]
[PlyCount "143"]
[EventDate "2015.??.??"]
[WhiteTeam "SV Letmathe"]
[BlackTeam "SV Hofheim"]

1. d4 Nf6 2. Nf3 g6 3. c4 Bg7 4. Nc3 O-O 5. e4 d6 6. Be2 Nbd7 7. Bg5 c5 8. d5
a6 9. a4 b6 10. O-O Qc7 11. Qd2 Re8 12. Rad1 Rb8 13. h3 b5 14. axb5 axb5 15.
cxb5 Nb6 16. Rfe1 Nfd7 17. Bf4 Bb7 18. Bf1 Rec8 19. Qe3 Ne5 20. Nxe5 dxe5 21.
Bg3 c4 22. f3 Rd8 23. Bf2 Rd6 24. Ra1 Bc8 25. Rec1 Bd7 26. Ra6 Nc8 27. Rc6 Bxc6
28. dxc6 Nb6 29. Ra1 e6 30. Ra6 Rd4 31. Qc1 Nc8 32. Qa1 Bf8 33. Ra8 Rd2 34.
Rxb8 Qxb8 35. Be3 Rd4 36. Qa6 Bc5 37. Qb7 Ba7 38. b6 Nxb6 39. Nb5 Qxb7 40. cxb7
Rd7 41. Nxa7 Rxb7 42. Nc6 Na4 43. Nxe5 Nxb2 44. Nxc4 Nd1 45. Bh6 Rb1 46. e5 Nc3
47. Nd6 Ne2+ 48. Kf2 Nd4 49. Bd3 Rb2+ 50. Kg3 Nc6 51. Nc4 Rb5 52. Kf4 Rb4 53.
Kg5 Ne7 54. Nd6 Rb2 55. g4 Rh2 56. h4 Nc6 57. Kf6 Rxh4 58. Nxf7 Rh3 59. Be4
Nxe5 60. Nxe5 Rxh6 61. Kxe6 Kg7 62. Nd3 Rh2 63. Nf4 Ra2 64. Bd5 Ra6+ 65. Ke5
Kh6 66. Ne6 Ra5 67. f4 Rb5 68. Kd6 Rb4 69. Bf3 g5 70. f5 Rb8 71. f6 Kg6 72. Ke7
1-0

[Event "27. Staufer-Open (A)"]
[Site "?"]
[Date "2015.01.04"]
[Round "5"]
[White "Zeller, Frank"]
[Black "Mayer, Arnd"]
[Result "1-0"]
[WhiteElo "2435"]
[BlackElo "2059"]
[PlyCount "67"]
[EventDate "2015.??.??"]
[WhiteTeam "SK Schwäbisch Hall"]
[BlackTeam "SV Jedesheim"]

1. e4 g6 2. d4 Bg7 3. Nc3 d6 4. Be3 a6 5. h4 Nf6 6. Be2 b5 7. e5 dxe5 8. dxe5
Qxd1+ 9. Rxd1 Ng4 10. Nd5 O-O 11. Bxg4 Bxg4 12. f3 Be6 13. Nxc7 Nc6 14. Nxa8
Rxa8 15. f4 f6 16. exf6 Bxf6 17. c3 Bxa2 18. Nf3 Na5 19. Bd4 Bb3 20. Rd2 Nc4
21. Re2 Nd6 22. h5 Bc4 23. hxg6 Bxe2 24. gxh7+ Kg7 25. Kxe2 Nf5 26. Kd3 Rh8 27.
g4 Nd6 28. Ng5 Nc4 29. b3 e5 30. bxc4 exd4 31. Ne6+ Kf7 32. Nxd4 b4 33. g5 Bg7
34. f5 1-0

[Event "27. Staufer-Open (A)"]
[Site "?"]
[Date "2015.01.04"]
[Round "5"]
[White "Neyman, Igor"]
[Black "Hubel, Merten"]
[Result "1-0"]
[WhiteElo "2313"]
[BlackElo "2048"]
[PlyCount "85"]
[EventDate "2015.??.??"]
[WhiteTeam "Stuttgarter SF"]
[BlackTeam "SF Birkenfeld"]

1. d4 d5 2. c4 e6 3. Nf3 c5 4. cxd5 exd5 5. g3 Nf6 6. Bg2 Be7 7. O-O O-O 8. Nc3
Nc6 9. Bg5 Be6 10. Rc1 c4 11. Ne5 h6 12. Bxf6 Bxf6 13. Nxc6 bxc6 14. b3 Rb8 15.
bxc4 dxc4 16. e3 Qc7 17. Qc2 Rfc8 18. Ne4 Be7 19. Nd2 Rb4 20. a3 Rb6 21. Nxc4
Bxc4 22. Qxc4 Bxa3 23. Ra1 Bb4 24. Ra6 c5 25. Rb1 Ba5 26. Raxb6 axb6 27. d5 Rb8
28. h3 Qe5 29. Rb3 Bb4 30. Qb5 Qa1+ 31. Bf1 Qa2 32. Qd3 Be1 33. Be2 Qd2 34.
Qxd2 Bxd2 35. Bb5 Bb4 36. d6 Kf8 37. e4 f6 38. f4 Kf7 39. Rd3 Rd8 40. Bc4+ Ke8
41. e5 Rb8 42. e6 b5 43. Bxb5+ 1-0

[Event "27. Staufer-Open (A)"]
[Site "?"]
[Date "2015.01.04"]
[Round "5"]
[White "Gabriel, Josef"]
[Black "Bodrozic, Tomislav"]
[Result "0-1"]
[WhiteElo "2062"]
[BlackElo "2301"]
[PlyCount "52"]
[EventDate "2015.??.??"]
[WhiteTeam "Stuttgarter SF"]
[BlackTeam "SK Ettlingen"]

1. e4 e6 2. d3 d5 3. Nd2 Nf6 4. Ngf3 c5 5. g3 g6 6. Bg2 Bg7 7. O-O O-O 8. exd5
Nxd5 9. Nb3 b6 10. c4 Nb4 11. d4 Ba6 12. Nfd2 N4c6 13. dxc5 Qc7 14. Qf3 Rc8 15.
Rd1 Nd7 16. cxb6 axb6 17. Qe3 Rab8 18. c5 Nb4 19. cxb6 Nxb6 20. Be4 Nc2 21.
Bxc2 Qxc2 22. Re1 Nd5 23. Qa7 Ra8 24. Qd7 Nb4 25. Re3 Qd1+ 26. Kg2 Bf1+ 0-1

[Event "27. Staufer-Open (A)"]
[Site "?"]
[Date "2015.01.04"]
[Round "5"]
[White "Diehm, Alexander"]
[Black "Doluhanova, Evgeniya"]
[Result "1/2-1/2"]
[WhiteElo "2059"]
[BlackElo "2273"]
[PlyCount "31"]
[EventDate "2015.??.??"]
[WhiteTeam "SC FK Babenhausen"]

1. d4 Nf6 2. Nf3 e6 3. Nbd2 d5 4. e3 Bd6 5. Bd3 Nbd7 6. e4 dxe4 7. Nxe4 Nxe4 8.
Bxe4 Nf6 9. Bg5 h6 10. Bxf6 Qxf6 11. Qe2 O-O 12. c3 c5 13. dxc5 Bxc5 14. O-O a5
15. Rad1 a4 16. Qb5 1/2-1/2